Особенности молодёжных общественных инициатив в россии в 2010е годы; Трансформация научных парадигм и коммуникативные практики в информационном социуме

Bibliographic Details
Parent link:Трансформация научных парадигм и коммуникативные практики в информационном социуме.— 2013.— [С. 22-25]
Main Author: Вишневенко М. Г.
Summary:Заглавие с титульного листа.
Language:Russian
Published: 2013
Series:Коммуникативные практики и бизнес - стратегии в современном социуме
Subjects:
Online Access:http://www.lib.tpu.ru/fulltext/c/2012/C26/009.pdf
Format: Electronic Book Chapter
KOHA link:https://koha.lib.tpu.ru/cgi-bin/koha/opac-detail.pl?biblionumber=605148

MARC

LEADER 00000naa2a2200000 4500
001 605148
005 20260224132945.0
035 |a (RuTPU)RU\TPU\conf\2433 
035 |a RU\TPU\conf\2431 
090 |a 605148 
100 |a 20140403d2013 k y0rusy50 ca 
101 0 |a rus 
102 |a RU 
135 |a drnn ---uucaa 
181 0 |a i  
182 0 |a b 
200 1 |a Особенности молодёжных общественных инициатив в россии в 2010е годы  |f М. Г. Вишневенко 
203 |a Текст  |c электронный 
215 |a 1 файл (298 Кб) 
225 1 |a Коммуникативные практики и бизнес - стратегии в современном социуме 
300 |a Заглавие с титульного листа. 
320 |a [Библиогр.: с. 25 (12 назв.)] 
337 |a Adobe Reader 
463 1 |0 (RuTPU)RU\TPU\conf\2405  |t Трансформация научных парадигм и коммуникативные практики в информационном социуме  |o сборник научных трудов конференции, г. Томск, 22-23 ноября 2012 г.  |f Национальный исследовательский Томский политехнический университет (ТПУ) ; ред. коллегия В. И. Турнаев [и др.]  |v [С. 22-25]  |d 2013 
610 1 |a труды учёных ТПУ 
610 1 |a электронный ресурс 
610 1 |a инициативы 
610 1 |a Россия 
610 1 |a молодежные объединения 
610 1 |a молодежные организации 
700 1 |a Вишневенко  |b М. Г. 
801 2 |a RU  |b 63413507  |c 20140403  |g RCR 
856 4 |u http://www.lib.tpu.ru/fulltext/c/2012/C26/009.pdf 
942 |c CF